000 01483aam a2200349 i 4500
001 768714001
003 CO-MdFUSB
005 20210928155501.0
007 ta
008 210928t19851992-usd|||| |||| 00| 0 eng d
020 _a0801042917
040 _bspa.
_aCO-MdFUSB
_cCO-MdFUSB
_dCO-MdFUSBC
_erda
041 _aeng
082 0 4 _a266
_223
_b H6331a
100 1 _aHiebert, Paul G. (1932-)
_eautor
245 1 0 _aAnthropological insights for missionaries
_c/ Paul G. Hiebert
264 1 _aGrand Rapids, MI., USA :
_bBaker Book House,
_c[1992]
264 4 _c© 1992
300 _a315 Páginas
_c; 23 cm
336 _atexto
_btxt
_2rdacontent
337 _2rdamedia
_asin mediación
_bn
338 _2rdacarrier
_avolumen
_bnc
505 _tParte I. El evangelio y las culturas humanas.
_aMisión y antropología. -- evangelio y cultura.
505 _tParte II. Diferencias culturales y el misionero:
_aDiferencias culturales y el nuevo misionero. -- El misionero encarnado. -- Supuestos culturales de los misioneros occidentales.
505 _tParte III. Diferencias culturales y mensaje:
_aDiferencias culturales y el mensaje. -- Contextualización crítica. -- El cuarto yo.
505 _tParte IV. Diferencias culturales y la comunidad bicultural:
_aEl puente bicultural. -- El papel misionero. -- La tarea inconclusa.
563 _aRústico
653 _aMisiones - Aspectos antropológicos.
942 _cBK
945 _aJTF-925
999 _c37464
_d37464